000 00319 a2200109 4500
001 ART_46338
005 20260410161808.0
008 260409a
245 1 0 _aSanciones al síndico concursal
100 1 _aFerro, Carlos A.
773 0 _tDoctrina Societaria y Concursal
_g- N°366 (mayo 2018)
_wREV4298
999 _c21234
_d21234